000 00298nam a2200133Ia 4500
100 _aPucknell/Douglas A
942 _cRB
654 _adigital
245 _aFundamentals of Digital Logic Design
260 _bPrentice Hall
_c1989
082 _a621.395
_bPUC
300 _a472
546 _aENGLISH
999 _c26391
_d26391